| 000 | 00181nam a22000617a 4500 | ||
|---|---|---|---|
| 999 |
_c23981 _d23981 |
||
| 003 | Nust | ||
| 005 | 20170412130214.0 | ||
| 008 | 140429b xxu||||| |||| 00| 0 eng d | ||
| 020 | _a812970515X | ||
| 040 |
_aDLC _bDLC _cRCMS |
||
| 082 | _a621.367GON | ||
| 100 | _aGonzalez,Rafael C. | ||
| 245 |
_aDigital Image Processing Using MATLAB _c. |
||
| 260 |
_aIndia _bPerson Education _cc2004 |
||
| 300 |
_axiv,620 p: _bill: _c25,cm. |
||
| 538 | _iShelf # 15, Row # 3, Communication. | ||
| 650 | _aComputer Graphics/ Interactive & Multimedia | ||
| 856 | _3Table of Content Only | ||
| 942 |
_2ddc _cBK |
||